Responses for Show #1929 - Thursday, January 14, 1993

Contestants

[<< previous game]

Lisa Wentz, an administrator from Los Angeles, California

Steve Shuttleworth, a lawyer from Huntington Beach, California

Kimberly Kallsen King, a legal clerk originally from Cottonwood, Arizona (whose 2-day cash winnings total $9,001)

[next game >>]

Jeopardy! Round responses

NAME THE DECADE
BOOKS ON AUDIOTAPE
TABLES
MUSIC
9-LETTER WORDS
BOTTOMS UP!
    $100 6
The 1840s

Kim
    $100 11
Heathcliff

Kim
    $100 16
table tennis

Kim
    $100 1
an aria

Steve
    $100 26
the accordion

Kim
    $100 21
sake

Kim
    $200 7
the 1980s

Lisa
    $200 12
Loretta Swit

Lisa
    $200 17
Mensa

Kim
    $200 2
a bow

Steve
    $200 27
Wisconsin

Steve
    $200 22
champagne

Kim
    $300 8
(Steve: What are the 1920s?)

the 1930s

SteveLisa
    $300 13
Kathy Bates

Kim
    $300 18
the periodic table

Steve
    $300 3
Gilbert & Sullivan

Steve
    $300 28
(Steve: What is makeup?)
...
(Alex: 9-LETTER WORDS.)

cosmetics

KimSteve
    $300 23
rum

Steve
    $400 9
the 1950s

Kim
    $400 14
John le Carré

Lisa
    $400 19
a tablespoon

Triple Stumper
    $400 4
vibrato

Kim
    $400 29
Hungarian

Lisa
    $400 24
amaretto

Kim
    $500 10
(Lisa: What are the 1920s?)

the 1890s

KimLisa
    $600 15
(Lisa: I'll wager $800, please.)
(Alex: No, you can't wager more than you've got.)
(Lisa: All right, $600, then.)
(Alex: $600, it is. A
True Daily Double.)

Lynn Redgrave

Lisa
    $500 20
the Algonquin

Steve
    $500 5
Africa

Steve
    $500 30
vermilion

Kim
    $500 25
(Steve: What is schnapps?)
...
(Alex: You've got to be in good shape to drink Dutch [*].)

gin

Steve
Triple Stumper

Scores at the first commercial break (after clue 15):

Kim Steve Lisa
$1,800 $800 $1,200

Scores at the end of the Jeopardy! Round:

Kim Steve Lisa
$3,700 $1,300 $1,600

Double Jeopardy! Round responses

VIETNAM
INSECTS
FORMS OF ADDRESS
DECLARATION SIGNERS
POETRY
STRING 'EM UP!
    $200 9
France

Steve
    $200 6
a wasp

Kim
    $200 26
(Kim: What is a bishop?)

a cardinal

KimSteve
    $200 14
John Hancock

Lisa
    $200 1
(Steve: Who are the Owl and the Pussy-cat?)

the Walrus & the Carpenter

Steve
Triple Stumper
    $200 21
Oliver Cromwell

Lisa
    $400 10
New Year's

Steve
    $400 7
(Kim: What is a dragonfly?)
(Lisa: What is a moth?)

a butterfly

KimSteveLisa
    $400 27
(Lisa: What is U.S. Senator?)

a Governor

SteveLisa
    $400 15
the Articles of Confederation

Steve
    $400 2
the heart

Triple Stumper
    $400 22
the Aztecs

Steve
    $600 11
Ho Chi Minh

Steve
    $600 8
the dragonfly

Triple Stumper
    $600 28
Sir

Triple Stumper
    $600 18
Thomas Jefferson & John Adams

Kim
    $600 3
my fate

Kim
    $600 23
Lenin

Lisa
    $800 12
the Mekong

Lisa
    $800 16
aphids

Kim
    $800 29
Esquire

Lisa
    $1,500 19
the B&O (Baltimore & Ohio)

Kim
    $800 4
"Tyger, Tyger"

Kim
    $800 24
Benedict Arnold

Kim
    $1000 13
a prison

Lisa
    $1000 17
the cicada

Triple Stumper
    $2,000 30
(Lisa: What is Mrs. Vice President?)
(Alex: Oh, no. Can't accept that. What is [*]? [*].)

Madam Vice President

Lisa
    $1000 20
the American flag

Triple Stumper
    $1000 5
Richard Lovelace

Triple Stumper
    $1000 25
(Kim: Who is Solomon?)

Absalom

Kim
Triple Stumper

Scores at the end of the Double Jeopardy! Round:

Kim Steve Lisa
$7,400 $4,100 $2,400

[wagering suggestions for these scores]

Final Jeopardy! Round responses

MOVIE ROLES
(Alex: [To Steve] I'm glad you gave a plug to that film because it's one of my favorites.)
LisaWhat is The Wizard of Oz
$100
SteveWhat was How Green was My Valley
$4,100
KimWhat is the Wizard of Oz
$801
The Wizard of Oz

Final scores:

Kim Steve Lisa
$8,201 $0 $2,500
3-day champion: $17,202 3rd place: Oneida gift certificate 2nd place: a trip to Nassau, Bahamas

Game dynamics:

Coryat scores:

Kim Steve Lisa
$6,700 $4,100 $4,300
21 R
(including 1 DD),
3 W
16 R,
4 W
12 R
(including 1 DD),
4 W
(including 1 DD)

Combined Coryat: $15,100

[game clues] [game scores] [suggest correction]

Game tape date: 1992-09-22
The J! Archive is created by fans, for fans. Scraping, republication, monetization, and malicious use prohibited; this site may use cookies and collect identifying information. See terms. The Jeopardy! game show and all elements thereof, including but not limited to copyright and trademark thereto, are the property of Jeopardy Productions, Inc. and are protected under law. This website is not affiliated with, sponsored by, or operated by Jeopardy Productions, Inc. Join the discussion at JBoard.tv.